Cuando el amor se encuentra con el miedo

I tiakina i:
Ngā taipitopito rārangi puna kōrero
Kaituhi matua: Richo, David (Author)
Hōputu: Pukapuka
Reo:Pāniora
I whakaputaina: Bilbao Desclée de Brouwer 1999
Rangatū:Colección Crecimiento Personal, 33
Ngā marau:
Ngā Tūtohu: Tāpirihia he Tūtohu
Kāore He Tūtohu, Me noho koe te mea tuatahi ki te tūtohu i tēnei pūkete!

MARC

LEADER 00000nam a2200000 a 4500
001 UCP8465
003 CL-VaPUC
008 000303e19990000SP |||||||||||||||||spa|d
082 0 4 |a 152.46  |b RIC  |2 21 
100 0 |a Richo, David  |e author  |9 438435 
245 1 0 |a Cuando el amor se encuentra con el miedo 
300 |a 226 p 
942 |c BK 
945 |d 20000303 00:00:00  |a rbrito 
260 |a Bilbao  |b Desclée de Brouwer  |c 1999 
650 0 |a Amor  |9 257817 
650 0 |a Sentimientos   |9 334266 
650 0 |a Miedo   |9 307306 
650 0 |a Ansiedad  |9 307519 
583 |a last modification  |c 20000303 00:00:00  |k Rodrigo Vera 
490 0 |a Colección Crecimiento Personal, 33 
999 |c 285361  |d 285359 
952 |0 0  |1 0  |4 0  |6 152_460000000000000_RIC_1999  |7 0  |8 A  |9 329910  |a BIBEDU  |b BIBEDU  |d 2019-11-20  |i 3595870  |l 5  |m 5  |o 152.46 RIC 1999  |p 3595870  |r 2024-04-22  |s 2024-04-12  |w 2019-11-20  |y BK  |k EPE